|
|
|
|
| LEADER |
00558cam a2200193 a 4500 |
| 001 |
0000065996 |
| 005 |
20030416090000.0 |
| 040 |
|
|
|a mod
|
| 041 |
|
|
|a eng
|
| 020 |
0 |
0 |
|a 8121920973
|
| 090 |
0 |
0 |
|a 621.3
|b MEH
|e 2002
|
| 100 |
1 |
0 |
|a Mehta
|h V.K.
|
| 245 |
1 |
0 |
|a Objective electrical technology
|c V.K. Mehta, Rohit Mehta
|
| 260 |
0 |
0 |
|a New Delhi
|b S. Chand & Company Ltd.
|c 2002
|
| 300 |
0 |
0 |
|a x, 700p.
|b ill.
|c 24cm
|
| 650 |
0 |
0 |
|a Electrical engineering
|
| 650 |
0 |
0 |
|a Electricity
|
| 700 |
1 |
1 |
|a Rohit Mehta
|
| 999 |
|
|
|a 0212218
|b KD Pelandok
|d BOOKS
|e Umum
|f KD PELANDOK
|j AVAILABLE
|q GOOD CONDITION
|